| 000 | 01172nam a2200301 i 4500 | ||
|---|---|---|---|
| 003 | EG-GICUC | ||
| 005 | 20260416130000.0 | ||
| 008 | 260416s1991 us ||||fr|||| 000 0 ara d | ||
| 024 | _q1014-5583 | ||
| 040 |
_a EG-GICUC _c EG-GICUC _d EG-GICUC _erda |
||
| 082 | 0 | 4 |
_221 _a341.48 _bح ا |
| 092 | 0 | 4 | _221 |
| 099 | _aLaw1 11 341.48 ح ا 1991 | ||
| 110 | 2 |
_aالأمم المتحدة _eمؤلف. |
|
| 245 | 1 | 0 |
_aحالات الإعدام التعسفي أو بإجراءات موجزة / _cالأمم المتحدة. _pصحيفة وقائع رقم 11 |
| 264 | 1 |
_aالولايات المتحدة الامريكية : _bالأمم المتحدة، _c1991. |
|
| 300 |
_a19 صفحة : _c24 سم _bإيضاحيات، صور، مثيليات ؛ |
||
| 336 |
_2rda content _atext |
||
| 337 |
_2rda media _aComputer |
||
| 338 |
_2rda carrier _aOnline Resource |
||
| 504 | _a. 240-220 ببليوجرافيا: صفحات. | ||
| 546 | _aالنص باللغة العربية | ||
| 650 | 1 | 4 |
_a حقوق الإنسان -- قانون دولي _2qrmak |
| 651 | 1 | _2qrmak | |
| 856 | 4 | 0 | _uhttps://fll.law.cu.edu.eg/fulltext/bks/B11-09990.pdf |
| 905 | _a67 | ||
| 942 |
_2ddc _cBK _e21 _n0 |
||
| 999 |
_c71415 _d71415 |
||